| 000 | 00621nam a2200169 a 4500 | ||
|---|---|---|---|
| 001 | 000035941 | ||
| 005 | 20200930074735.0 | ||
| 008 | 111121s2001 dr ag 000 0 spa d | ||
| 040 |
_aDO-SdBNP _bspa _cBNPHU |
||
| 100 | 1 |
_aBrens, Bienvenido _961965 |
|
| 245 | 1 | 0 |
_aNimbos de plata 30 composiciones y partituras del legado musical de Bienvenido Brens / _cBienvenido Brens. |
| 260 |
_aSanto Domingo : _bEditora Corripio, _c2001. |
||
| 300 |
_a104 p. : _bil., música ; _c28 cm. |
||
| 500 | _aLa música es cultura y alma de los pueblos | ||
| 500 | _aIncluye datos biográficos del autor en la contracubierta | ||
| 049 | _aBNPD | ||
| 999 |
_c35432 _d35432 |
||